Crónicas seleccionadas / (Registro nro. 4220)

Detalles MARC
000 -LEADER
fixed length control field 01369nam a2200313Ia 4500
003 - CONTROL NUMBER IDENTIFIER
control field OSt
005 - DATE AND TIME OF LATEST TRANSACTION
control field 20200331100029.0
008 - FIXED-LENGTH DATA ELEMENTS--GENERAL INFORMATION
fixed length control field 191128s2018 ck ao gr 001 0 spa d
020 ## - INTERNATIONAL STANDARD BOOK NUMBER
International Standard Book Number 9789588296920
040 ## - CATALOGING SOURCE
Original cataloging agency CO-JMCR
Transcribing agency CO-JMCR
041 ## - LANGUAGE CODE
Language code of text/sound track or separate title spa
082 04 - DEWEY DECIMAL CLASSIFICATION NUMBER
Classification number 070.4409861 /
Item number D674c
100 1# - MAIN ENTRY--PERSONAL NAME
Personal name Donado Viloria, Donaldo Alonso,
Relator term autor
9 (RLIN) 2244
245 10 - TITLE STATEMENT
Title Crónicas seleccionadas /
Statement of responsibility, etc. Donaldo Alonso Donado Viloria, Hugo Chaparro Valderrama, Donaldo Donado Viloria, Alejandro lopéz Correa,
250 ## - EDITION STATEMENT
Edition statement Primera edición
260 ## - PUBLICATION, DISTRIBUTION, ETC.
Place of publication, distribution, etc. Bogotá :
Name of publisher, distributor, etc. Cangrego editores,
Date of publication, distribution, etc. 2018
300 ## - PHYSICAL DESCRIPTION
Extent 110 páginas :
Other physical details fotografías en blanco y negro ;
Dimensions 21 cm.
490 0# - SERIES STATEMENT
Series statement Antología ; Nuevas letras de Colombia
505 ## - FORMATTED CONTENTS NOTE
Formatted contents note La bolsa rota de InterBolsa / Hugo Chaparro Valderrama -- Miguel Granados Arjona : el hombre que puso a Bogotá en el mapa de la salsa / Donaldo Donado Viloria -- Independencia literaria : una carrera contra la ciudad / Alejandro López Correa
546 ## - LANGUAGE NOTE
Language note spa
586 ## - AWARDS NOTE
Awards note Premio Distrital de Crónica Ciudad de Bogotá 2016
650 14 - SUBJECT ADDED ENTRY--TOPICAL TERM
Topical term or geographic name entry element Cronicas
Geographic subdivision Colombia
9 (RLIN) 2245
650 24 - SUBJECT ADDED ENTRY--TOPICAL TERM
Topical term or geographic name entry element Crónica periodística
9 (RLIN) 2246
650 24 - SUBJECT ADDED ENTRY--TOPICAL TERM
Topical term or geographic name entry element Música
General subdivision Crónica
9 (RLIN) 2247
700 1# - ADDED ENTRY--PERSONAL NAME
Personal name Chaparro Valderrama, Hugo,
Relator term autor
9 (RLIN) 2248
700 1# - ADDED ENTRY--PERSONAL NAME
Personal name Donado Viloria, Donaldo,
Relator term autor
9 (RLIN) 2249
700 1# - ADDED ENTRY--PERSONAL NAME
Personal name lopéz Correa, Alejandro,
Relator term autor
9 (RLIN) 2250
942 ## - ADDED ENTRY ELEMENTS (KOHA)
Source of classification or shelving scheme Dewey Decimal Classification
Koha item type Books
Existencias
Withdrawn status Lost status Source of classification or shelving scheme Materials specified (bound volume or other part) Damaged status Not for loan Home library Current library Date acquired Source of acquisition Cost, normal purchase price Total Checkouts Full call number Barcode Date last seen Date last checked out Copy number Price effective from Koha item type
    Dewey Decimal Classification Donación--06/09/2018--     Biblioteca Pública José María del Castillo y Rada Biblioteca Pública José María del Castillo y Rada 11/28/2019 Donación 0.00 4 070.4409861 / D674c 201809050 08/13/2025 08/12/2025 Ej.1 11/28/2019 Books